|
|
|
|
| LEADER |
00000nam a2200000 a 4500 |
| 001 |
UCX8367 |
| 003 |
CL-VaPUC |
| 008 |
940325e19930000FR |||||||||||||||||fre|d |
| 082 |
0 |
4 |
|a 510.7
|b DOU
|2 21
|
| 100 |
0 |
|
|a Douady, Regine
|e author
|9 325474
|
| 245 |
1 |
2 |
|a L`engenierie didactique: un moyen pour l'enseignant d'organiser les rapports entre l'enseignement et l'apprentissage
|
| 300 |
|
|
|a 43 p
|
| 942 |
|
|
|c BK
|
| 945 |
|
|
|d 19940325 00:00:00
|a mfernand
|
| 260 |
|
|
|a París
|b IREM
|c 1993
|
| 650 |
|
0 |
|a Matemática
|9 260235
|
| 650 |
|
0 |
|a Enseñanza
|9 256457
|
| 583 |
|
|
|a last modification
|c 19940325 00:00:00
|k Rodrigo Vera
|
| 999 |
|
|
|c 227893
|d 227891
|
| 952 |
|
|
|0 0
|1 0
|4 0
|6 510_700000000000000_DOU_1993
|7 0
|8 A
|9 227182
|a BIBMAT
|b BIBMAT
|d 2019-11-15
|i 2963205
|o 510.7 DOU 1993
|p 2963205
|r 2025-01-07
|w 2019-11-15
|y BK
|k MAT
|
| 952 |
|
|
|0 0
|1 0
|4 0
|6 510_700000000000000_DOU_1993
|7 0
|8 A
|9 227183
|a BIBMAT
|b BIBMAT
|d 2019-11-15
|i 3163407
|o 510.7 DOU 1993
|p 3163407
|r 2025-01-07
|w 2019-11-15
|y BK
|k MAT
|